000 01230nam a2200313 i 4500
003 EG-GICUC
005 20260121101214.0
008 251112s1988 ua ||||fr|||| 00| 0 ara d
017 _a١٩٨٢/١٧٦٨
040 _a EG-GICUC
_bara
_c EG-GICUC
_d EG-GICUC
_erda
041 0 _aara
082 0 4 _221
_a345
_bس ل . و
092 0 4 _221
099 _aLaw1 07 345 س ل . و 1988
100 0 _aسليمان محمد الطماوي
_eمؤلف.
245 1 2 _aالوجيز في القانون الإداري :
_bدراسة مقارنة /
_cالدكتور سليمان محمد الطماوي.
264 1 _aالقاهرة :
_bدار الفكر العربي،
_c1988.
300 _a632 ؛صفحة
_c24 سم.
_bإيضاحيات، صور، مثيليات ؛
336 _2rda content
_atext
337 _2rda media
_aComputer
338 _2rda carrier
_aOnline Resource
504 _aيشتمل على إرجاعات ببليوغرافة.
546 _aالنص أغلبه باللغة العربية مع بعض النصوص الفرنسية
650 1 4 _aالقانون الإداري
_2qrmak
651 1 _2qrmak
856 4 0 _uhttps://fll.law.cu.edu.eg/fulltext/bks/B07-00508.pdf
905 _a32
942 _2ddc
_cBK
_e21
_n0
999 _c42814
_d42814